<?xml version="1.0" encoding="UTF-8"?>
<record
    xmlns:xsi="http://www.w3.org/2001/XMLSchema-instance"
    xsi:schemaLocation="http://www.loc.gov/MARC21/slim http://www.loc.gov/standards/marcxml/schema/MARC21slim.xsd"
    xmlns="http://www.loc.gov/MARC21/slim">

  <leader>01118nam a22002297a 4500</leader>
  <controlfield tag="003">NALT</controlfield>
  <controlfield tag="005">20230209074827.0</controlfield>
  <controlfield tag="008">180122b        th ||||| |||| 00| 0 tha d</controlfield>
  <datafield tag="020" ind1=" " ind2=" ">
    <subfield code="a">9789743266256</subfield>
  </datafield>
  <datafield tag="040" ind1=" " ind2=" ">
    <subfield code="a">NALT</subfield>
  </datafield>
  <datafield tag="050" ind1=" " ind2=" ">
    <subfield code="a">H 62</subfield>
    <subfield code="b">&#xE04;123&#xE04; 2560</subfield>
  </datafield>
  <datafield tag="110" ind1="2" ind2=" ">
    <subfield code="a">&#xE2A;&#xE33;&#xE19;&#xE31;&#xE01;&#xE07;&#xE32;&#xE19;&#xE04;&#xE13;&#xE30;&#xE01;&#xE23;&#xE23;&#xE21;&#xE01;&#xE32;&#xE23;&#xE27;&#xE34;&#xE08;&#xE31;&#xE22;&#xE41;&#xE2B;&#xE48;&#xE07;&#xE0A;&#xE32;&#xE15;&#xE34;.</subfield>
    <subfield code="9">96</subfield>
  </datafield>
  <datafield tag="245" ind1="1" ind2="0">
    <subfield code="a">&#xE04;&#xE39;&#xE48;&#xE21;&#xE37;&#xE2D;&#xE21;&#xE32;&#xE15;&#xE23;&#xE10;&#xE32;&#xE19;&#xE01;&#xE32;&#xE23;&#xE40;&#xE1C;&#xE22;&#xE41;&#xE1E;&#xE23;&#xE48;&#xE1C;&#xE25;&#xE07;&#xE32;&#xE19;&#xE27;&#xE34;&#xE08;&#xE31;&#xE22;&#xE41;&#xE25;&#xE30;&#xE1C;&#xE25;&#xE07;&#xE32;&#xE19;&#xE17;&#xE32;&#xE07;&#xE27;&#xE34;&#xE0A;&#xE32;&#xE01;&#xE32;&#xE23; /</subfield>
    <subfield code="c">&#xE2A;&#xE33;&#xE19;&#xE31;&#xE01;&#xE07;&#xE32;&#xE19;&#xE04;&#xE13;&#xE30;&#xE01;&#xE23;&#xE23;&#xE21;&#xE01;&#xE32;&#xE23;&#xE27;&#xE34;&#xE08;&#xE31;&#xE22;&#xE41;&#xE2B;&#xE48;&#xE07;&#xE0A;&#xE32;&#xE15;&#xE34;.</subfield>
  </datafield>
  <datafield tag="250" ind1=" " ind2=" ">
    <subfield code="a">&#xE1E;&#xE34;&#xE21;&#xE1E;&#xE4C;&#xE04;&#xE23;&#xE31;&#xE49;&#xE07;&#xE17;&#xE35;&#xE48; 4</subfield>
  </datafield>
  <datafield tag="260" ind1=" " ind2=" ">
    <subfield code="a">&#xE01;&#xE23;&#xE38;&#xE07;&#xE40;&#xE17;&#xE1E;&#xE2F; :</subfield>
    <subfield code="b">&#xE42;&#xE23;&#xE07;&#xE1E;&#xE34;&#xE21;&#xE1E;&#xE4C;&#xE41;&#xE2B;&#xE48;&#xE07;&#xE08;&#xE38;&#xE2C;&#xE32;&#xE25;&#xE07;&#xE01;&#xE23;&#xE13;&#xE4C;&#xE21;&#xE2B;&#xE32;&#xE27;&#xE34;&#xE17;&#xE22;&#xE32;&#xE25;&#xE31;&#xE22;,</subfield>
    <subfield code="c">2560.</subfield>
  </datafield>
  <datafield tag="300" ind1=" " ind2=" ">
    <subfield code="a">39 &#xE2B;&#xE19;&#xE49;&#xE32; ;</subfield>
    <subfield code="c">21 &#xE0B;&#xE21;.</subfield>
  </datafield>
  <datafield tag="650" ind1=" " ind2="0">
    <subfield code="a">&#xE27;&#xE34;&#xE08;&#xE31;&#xE22;</subfield>
    <subfield code="9">15558</subfield>
  </datafield>
  <datafield tag="850" ind1=" " ind2=" ">
    <subfield code="a">NALT</subfield>
  </datafield>
  <datafield tag="942" ind1=" " ind2=" ">
    <subfield code="c">GB</subfield>
    <subfield code="2">lcc</subfield>
  </datafield>
  <datafield tag="998" ind1=" " ind2=" ">
    <subfield code="a">bijaya</subfield>
    <subfield code="b">phon</subfield>
    <subfield code="c">phon</subfield>
    <subfield code="j"></subfield>
    <subfield code="k">CRON CRON</subfield>
  </datafield>
  <datafield tag="999" ind1=" " ind2=" ">
    <subfield code="c">94148</subfield>
    <subfield code="d">94148</subfield>
  </datafield>
  <datafield tag="952" ind1=" " ind2=" ">
    <subfield code="0">0</subfield>
    <subfield code="1">0</subfield>
    <subfield code="2">lcc</subfield>
    <subfield code="4">0</subfield>
    <subfield code="7">0</subfield>
    <subfield code="8">CGBL</subfield>
    <subfield code="a">NALT</subfield>
    <subfield code="b">NALT</subfield>
    <subfield code="d">2018-01-22</subfield>
    <subfield code="l">0</subfield>
    <subfield code="o">H 62 &#xE04;123&#xE04; 2560</subfield>
    <subfield code="p">3961207730</subfield>
    <subfield code="r">2018-02-08 00:00:00</subfield>
    <subfield code="w">2018-01-22</subfield>
    <subfield code="y">GB</subfield>
  </datafield>
</record>
